000
00264nam a22000977a 4500
008
160507b xxu||||| |||| 00| 0 eng d
041
_a
eng
080
_a
616.31
245
_a
Dialogue on preventive dentistry:
_c
Charles A. Amenta; Robert C. Brackett;
942
_2
udc
_c
BK
999
_c
1911
_d
1911